Jose Sancho: Obras Monumentales y Bagatelas/ (Record no. 2459)

MARC details
000 -LEADER
campo de control de longitud fija 00544nam a22001817a 4500
003 - IDENTIFICADOR DE NÚMERO DE CONTROL
campo de control OSt
005 - FECHA Y HORA DE LA ÚLTIMA TRANSACCIÓN
campo de control 20221031212352.0
008 - DATOS DE LONGITUD FIJA--INFORMACIÓN GENERAL
campo de control de longitud fija 221006b |||||||| |||| 00| 0 eng d
020 ## - NÚMERO INTERNACIONAL ESTÁNDAR DEL LIBRO
Número Internacional Estándar del Libro 9977-47-309-9
040 ## - FUENTE DE CATALOGACIÓN
Centro/agencia transcriptor Biblioteca Lado V
082 ## - NÚMERO DE LA CLASIFICACIÓN DECIMAL DEWEY
Número de ítem S336j
Número de clasificación 730
100 ## - ENTRADA PRINCIPAL--NOMBRE DE PERSONA
9 (RLIN) 279
Nombre de persona Sancho Benito, Jose
Término indicativo de función/relación autor
245 ## - MENCIÓN DEL TÍTULO
Título Jose Sancho: Obras Monumentales y Bagatelas/
260 ## - PUBLICACIÓN, DISTRIBUCIÓN, ETC.
Nombre del editor, distribuidor, etc. Litografia e Imprenta
Lugar de publicación, distribución, etc. Costa Rica
Fecha de publicación, distribución, etc. 2004
300 ## - DESCRIPCIÓN FÍSICA
Extensión 68p.
Dimensiones 22x29cm
700 ## - ENTRADA AGREGADA--NOMBRE PERSONAL
Nombre de persona Hlavajova, Maria
Término indicativo de función/relación editor
942 ## - ELEMENTOS DE ENTRADA SECUNDARIOS (KOHA)
Fuente del sistema de clasificación o colocación Clasificación Decimal Dewey
Tipo de ítem Koha Libros
Parte de la signatura que corresponde a la clasificación (Parte de la clasificación) 730
Parte de la signatura que identifica el ejemplar (Parte del ítem) S226j
Suprimir en OPAC No
Holdings
Estatus retirado Estado de pérdida Fuente del sistema de clasificación o colocación Estado de daño No para préstamo Biblioteca de origen Biblioteca actual Fecha de adquisición Número de inventario Total de préstamos Signatura topográfica completa Código de barras Visto por última vez Precio de reemplazo Tipo de ítem Koha
    Clasificación Decimal Dewey     Biblioteca LadoV Biblioteca LadoV 31/10/2022 001659   730 S336j 001659 31/10/2022 31/10/2022 Libros